01087cam a2200313 a 45000010009000000050017000090080041000260100017000670150019000840160018001030200022001210200025001430350024001680400025001920420021002170430021002380500025002590820020002842450141003042600032004453000029004774400034005065040051005406500040005916500043006316510048006747000025007227000026007471572544020170105102840.0090505s2007 enka b 001 0 eng  a 2009294090 aGBA6719292bnb7 a0135368372Uk a0415411475 (hbk.) a9780415411479 (hbk.) a(OCoLC)ocn176786198 aUKMcUKMdBAKERdDLC aukscpalccopycat af------aa------00aJQ1852.A91bD48 200704a321.809176722200aDemocratization in the Muslim world :bchanging patterns of power and authority /cedited by Frédéric Volpi and Francesco Cavatorta. aLondon :bRoutledge,c2007. a170 p. :bill. ;c24 cm. 0aDemocratization studies ;v11 aIncludes bibliographical references and index. 0aDemocratizationzIslamic countries. 0aIslam and politicszIslamic countries. 0aIslamic countriesxPolitics and government.1 aVolpi, Frédéric.1 aCavatorta, Francesco.